| 000 | 02873nam0a2200433 4500 | ||
|---|---|---|---|
| 001 | RU\NLR\BIBL_A\012874904 | ||
| 005 | 20221031135040.0 | ||
| 010 |
_a978-5-389-20868-1 _95000 |
||
| 021 |
_aRU _bАЛ-П-22-00449и _9АЛ-П-22-0089 |
||
| 035 | _a(NLR Aleph) 012874904 | ||
| 035 | _a(RuMoRGB)011093558 | ||
| 090 |
_a12501242 _c12501242 |
||
| 100 | _a20220825d2022 u y0rusy50 ca | ||
| 101 | 1 |
_arus _ceng |
|
| 102 | _aRU | ||
| 105 | _aa t 000ay | ||
| 181 | 0 |
_ab3 _bab2e |
|
| 181 | 0 |
_ai1 _bab2e |
|
| 182 | 0 | _an | |
| 200 | 1 |
_aБэтмен: Белый Рыцарь представляет: Харли Квинн _e[комиксы] _fКатана Коллинс, Шон Мерфи, Матео Скалера, Дэйв Стюарт _g[перевод с английского В. Нежданов _gхудожник Матео Скалера] |
|
| 203 |
_aТекст _aИзображение _bвизуальные _cнепосредственные |
||
| 210 |
_aСанкт-Петербург [и др.] _cАзбука [и др.] _d2022 |
||
| 215 |
_a[170] с. _cцв. ил. _d27 . |
||
| 300 | _aОписано по обл. | ||
| 330 | _aСпустя два года после того, как Азраил расправился с самыми опасными злодеями Готэма, новая волна преступлений охватывает город. В закулисных потемках скрывается профессиональный интриган, известный как Продюсер. Он набирает пеструю команду новых злодеев, и первая в этом списке - его новоиспеченная ассистентка по прозвищу Старлетка. Некогда она была блестящей начинающей актрисой, а теперь блестяще убивает кинозвезд золотого века Голливуда. Что же подтолкнуло ее на серию преступлений? И как все это связано с Джокером? | ||
| 333 | _a16+ | ||
| 686 | 0 | _aЩ153(7США)65-475 | |
| 686 | 1 | _aШ6(7США)67-440.4комикс{Лх1979-50комикс} | |
| 701 | 1 |
_7ca _8rus _aКоллинс _bК. _f1984- _gКатана _9247993 _3RU\NLR\AUTH\770248049 |
|
| 701 | 1 |
_7ca _8rus _aМерфи _bШ. _cсценарист, иллюстратор _f1980- _gШон _9177910 _3RU\NLR\AUTH\770177961 |
|
| 701 | 1 |
_aСкалера _bМ. _gМаттео |
|
| 701 | 1 |
_aСтюарт _bД. _gДэйв |
|
| 702 | 1 |
_aСкалера _bМ. _gМаттео _4040 |
|
| 942 | _cBOOK | ||
| 980 | _aNB | ||